Jean-François Millet / (Record no. 25477)

000 -LEADER
fixed length control field 01076cam a2200301 a 4500
001 - CONTROL NUMBER
control field 2352549
005 - DATE AND TIME OF LATEST TRANSACTION
control field 20170131123152.0
008 - FIXED-LENGTH DATA ELEMENTS--GENERAL INFORMATION
fixed length control field 841012s1984 maua cb 000 0 eng
010 ## - LIBRARY OF CONGRESS CONTROL NUMBER
LC control number 83063521
020 ## - INTERNATIONAL STANDARD BOOK NUMBER
International Standard Book Number 0878462376 (pbk.)
020 ## - INTERNATIONAL STANDARD BOOK NUMBER
International Standard Book Number 0878462422 (hard)
040 ## - CATALOGING SOURCE
Original cataloging agency DLC
Transcribing agency DLC
Modifying agency DLC
050 00 - LIBRARY OF CONGRESS CALL NUMBER
Classification number N6853.M52
Item number A4 1984
082 00 - DEWEY DECIMAL CLASSIFICATION NUMBER
Classification number 760/.092/4
Edition number 19
100 1# - MAIN ENTRY--PERSONAL NAME
Personal name Murphy, Alexandra R.
245 10 - TITLE STATEMENT
Title Jean-François Millet /
Statement of responsibility, etc. by Alexandra R. Murphy ; with contributions by Susan Fleming and Chantal Mahy-Park.
260 ## - PUBLICATION, DISTRIBUTION, ETC. (IMPRINT)
Place of publication, distribution, etc. Boston :
Name of publisher, distributor, etc. Museum of Fine Arts,
Date of publication, distribution, etc. c1984.
300 ## - PHYSICAL DESCRIPTION
Extent xx, 259 p. :
Other physical details ill. (some col.) ;
Dimensions 28 cm.
500 ## - GENERAL NOTE
General note Exhibition catalog.
504 ## - BIBLIOGRAPHY, ETC. NOTE
Bibliography, etc Bibliography: p. 228-230.
600 10 - SUBJECT ADDED ENTRY--PERSONAL NAME
Personal name Millet, Jean François,
Dates associated with a name 1814-1875
General subdivision Exhibitions.
700 1# - ADDED ENTRY--PERSONAL NAME
Personal name Fleming, Susan,
Dates associated with a name 1957-
700 2# - ADDED ENTRY--PERSONAL NAME
Personal name Mahy-Park, Chantal.
710 2# - ADDED ENTRY--CORPORATE NAME
Corporate name or jurisdiction name as entry element Museum of Fine Arts, Boston.
942 ## - ADDED ENTRY ELEMENTS (KOHA)
Source of classification or shelving scheme
Koha item type Hard Covered Materials
Holdings
Withdrawn status Lost status Source of classification or shelving scheme Damaged status Not for loan Home library Current library Shelving location Date acquired Source of acquisition Total Checkouts Full call number Barcode Date last seen Price effective from Koha item type
          MACHAKOS UNIVERSITY LIBRARY MACHAKOS UNIVERSITY LIBRARY Technical section 31/01/2017 Donation(BFA)   N 6853 .M52A4 1984 33175 06/07/2018 31/01/2017 Hard Covered Materials
© Machakos University Library, Along The Highway, Machakos Wote Rd, Machakos, Kenya P.O. Box 136 - 90100 Machakos - Kenya

Tel: ( +254 ) 723 805829 OR Fax : 044-20353 OR Email: library@mksu.ac.ke